01097nam a2200277Ia 4500008004100000020002000041040001400061082002100075100002000096245008400116250001400200260003800214300001900252365002800271366000900299505002200308530006300330536002800393620004600421630008400467650001800551730008400569942000900653999001900662952013800681100315s9999 xx 000 0 und d a9788175347564  cENGLISH  b11029 a332.9  a"Sharma, B.R. " aBank Frauds : Prevention & Detection - Including Computer & Credit Cards Crimes a3rd ed.  aDelhi bUniversal Law  c2009  a"xxxvi,566  " eRupees d1 b520.00  f20  gVaibhav Gaikwad  bSunderdas Gianchand 11296/10-07-2009 a11296/10-07-2009  a01/04/2009-31/03/2010  a"Bank Frauds, Bank Robberies, Banking, " aBank Frauds : Prevention & Detection - Including Computer & Credit Cards Crimes aBank Frauds  aBank Frauds : Prevention & Detection - Including Computer & Credit Cards Crimes cBOOK c485763d485760 00104070aVPMBRIMSbVPMBRIMSd2009-07-22g650.00l0o332.9 /SHA  11029 pVPMBRIMS-11029 r2010-03-19 00:00:00w2010-03-19yBOOK